A look Ahead at the 2020 US elections: The role of candidate diversity in political participation (Record no. 515481)

000 -LEADER
fixed length control field 01228nam a22001457a 4500
008 - FIXED-LENGTH DATA ELEMENTS--GENERAL INFORMATION
fixed length control field 210129b ||||| |||| 00| 0 eng d
100 ## - MAIN ENTRY--PERSONAL NAME
Personal name Dorantes, Catalina , Amuedo. Bucheli and Jose, R.
245 ## - TITLE STATEMENT
Title A look Ahead at the 2020 US elections: The role of candidate diversity in political participation
260 ## - PUBLICATION, DISTRIBUTION, ETC. (IMPRINT)
Place of publication, distribution, etc AEA Papers and Proceedings
300 ## - PHYSICAL DESCRIPTION
Extent 110, May, 2020: p.436-441
520 ## - SUMMARY, ETC.
Summary, etc An increasingly diverse population in the United States has given rise to a growing body of literature that analyzes the causes and consequences of descriptive representation. Using individual-level representative data on registration and voting for the entire United States over the 2008–2018 decade, we find that diversity in the candidate pool promotes the registration and voting of eligible-to-vote individuals, particularly those belonging to the youngest generations of voters, those located in swing states, and growing minorities, as in the case of Hispanic voters. Given the changing electorate, increasing candidate diversity might prove crucial in promoting political and electoral engagement. – Reproduced
773 ## - HOST ITEM ENTRY
Main entry heading AEA Papers and Proceedings
906 ## - LOCAL DATA ELEMENT F, LDF (RLIN)
Subject DIP ELECTIONS -UNITED STATES
942 ## - ADDED ENTRY ELEMENTS (KOHA)
Item type Articles
Holdings
Withdrawn status Lost status Source of classification or shelving scheme Damaged status Not for loan Permanent location Current location Date acquired Serial Enumeration / chronology Barcode Date last seen Koha item type
          Indian Institute of Public Administration Indian Institute of Public Administration 2021-01-29 110, May, 2020: p.436-441 AR123966 2021-01-29 Articles

Powered by Koha